000 01209cam a22003497a 4500
001 17401198
003 USPCAS-E
005 20180118181411.0
008 120725s2011 gw a b 001 0 eng
010 _a 2012357276
020 _a9783527314591 (hbk. : alk. paper)
035 _a(OCoLC)ocn664325819
040 _aUKM
_cUKM
_dYDXCP
_dNUI
_dOHX
_dINU
_dUKMGB
_dBDX
_dDLC
042 _alccopycat
050 0 0 _aTK8322
_b.S34 2011
082 0 4 _a621.38152
_222
_b SCH-C 2011
100 1 _aScheer, Roland.
245 1 0 _aChalcogenide photovoltaics :
_bphysics, technologies, and thin film devices /
_cRoland Scheer and Hans-Werner Schock.
260 _aWeinheim, Germany :
_bWiley-VCH,
_cc2011.
300 _axv, 368 p. :
_bill. ;
_c25 cm.
502 _a0
504 _aIncludes bibliographical references (p. 321-360) and index.
650 0 _aPhotovoltaic cells
_xMaterials.
650 0 _aChalcogenides.
650 0 _aCompound semiconductors.
650 0 _aThin films.
650 0 _aHeterojunctions.
700 1 _aSchock, H. W.
_q(Hans-Werner)
906 _a7
_bcbc
_ccopycat
_d2
_encip
_f20
_gy-gencatlg
942 _2ddc
_cBK
999 _c355728
_d355728